[Event "Flint (MI Senior/1/9)"]
[Site "?"]
[Date "1994.??.??"]
[Round "?"]
[White "Foord, Allan"]
[Black "O'Dell, Ray"]
[Result "1-0"]
[WhiteElo "1615"]
[BlackElo "1605"]
[PlyCount "35"]
[EventDate "1994.??.??"]

{1/(9)} 1. e4 e5 2. Nf3 Nc6 3. Bb5 Nf6 4. O-O Bc5 5. Re1 O-O 6. c3 a6 7. Bxc6
dxc6 8. Nxe5 Re8 9. d4 Bb6 10. Bg5 Be6 11. Qf3 Qc8 12. Bxf6 gxf6 13. Qxf6 Qd8
14. Qh6 Re7 15. Re3 Qf8 16. Rg3+ Kh8 17. Qf6+ Qg7 18. Qxg7# 1-0

[Event "Eastpointe (US Am N/6/21)"]
[Site "?"]
[Date "1994.??.??"]
[Round "?"]
[White "Foord, Allan"]
[Black "Nixon, Peter"]
[Result "1-0"]
[WhiteElo "1615"]
[BlackElo "1605"]
[PlyCount "63"]
[EventDate "1994.??.??"]

{6/(21)} 1. e4 c5 2. Nf3 Nc6 3. d4 cxd4 4. Nxd4 a6 5. Nc3 d6 6. Bc4 Nf6 7. Bb3
g6 8. Be3 Bg7 9. h3 O-O 10. Qd2 Re8 11. O-O-O Bd7 12. f4 Nxd4 13. Bxd4 e5 14.
Be3 Bf8 15. g4 Be6 16. Nd5 Nxe4 17. Qg2 Bxd5 18. Bxd5 exf4 19. Bxf4 Nf6 20.
Bxb7 Rb8 21. Qc6 Re6 22. Rhe1 Rxe1 23. Rxe1 Qd7 24. Qxd7 Nxd7 25. Bxa6 Bg7 26.
b3 Ra8 27. Bb5 Nf8 28. a4 d5 29. Re7 Ne6 30. Bg3 Rc8 31. Re8+ Rxe8 32. Bxe8 1-0

[Event "Detroit (MOR/1b/13)"]
[Site "?"]
[Date "1994.??.??"]
[Round "?"]
[White "Foord, Allan"]
[Black "Melton, J."]
[Result "1-0"]
[WhiteElo "1650"]
[BlackElo "1605"]
[PlyCount "101"]
[EventDate "1994.??.??"]

1. e4 e5 2. Nf3 Nc6 3. Bb5 d6 4. d4 Bd7 5. Nc3 exd4 6. Nxd4 h6 7. Be3 Nf6 8.
O-O Be7 9. h3 O-O 10. f4 Nxd4 11. Qxd4 c5 12. Qd3 a6 13. Bxd7 Qxd7 14. Rad1 Qc6
15. Nd5 Nxd5 16. Qxd5 Qxd5 17. Rxd5 Rad8 18. Rfd1 b6 19. f5 f6 20. Bf4 Rfe8 21.
Bxd6 Bxd6 22. Rxd6 Rxd6 23. Rxd6 Rxe4 24. Rxb6 Re5 25. Rxa6 Rxf5 26. Rc6 Kf7
27. Rc7+ Kg6 28. a4 Re5 29. Kf2 Rd5 30. Ke2 f5 31. c3 Kf6 32. b4 cxb4 33. cxb4
Rd4 34. Rb7 g6 35. a5 Re4+ 36. Kd2 Rd4+ 37. Kc3 Rd6 38. Rb6 Ke6 39. Kc4 Kd7 40.
Rxd6+ Kxd6 41. a6 Kc6 42. b5+ Kb6 43. Kd4 g5 44. g3 g4 45. hxg4 fxg4 46. Ke4 h5
47. Kf4 Kc7 48. Kg5 h4 49. Kxh4 Kb6 50. Kxg4 Kxb5 51. a7 1-0

[Event "Eastpointe (MI Action/6/13)"]
[Site "?"]
[Date "1994.??.??"]
[Round "?"]
[White "Foord, Allan"]
[Black "McNeil, Yaking"]
[Result "1/2-1/2"]
[WhiteElo "1665"]
[BlackElo "1605"]
[PlyCount "39"]
[EventDate "1994.??.??"]

{6/(13)} 1. e4 c5 2. Nf3 Nc6 3. d4 cxd4 4. Nxd4 e5 5. Nb5 a6 6. Nd6+ Bxd6 7.
Qxd6 Qf6 8. Qxf6 Nxf6 9. Bd3 d5 10. exd5 Nxd5 11. c3 O-O 12. O-O Be6 13. Re1
Rad8 14. Be2 b5 15. Bg5 f6 16. Bh4 b4 17. Bc4 bxc3 18. Nxc3 Nd4 19. Rad1 Nf5
20. Bg3 {[Remainder illegible; 1/2-1/2, 46?]} 1/2-1/2

[Event "Eastpointe (MI Action/3/16)"]
[Site "?"]
[Date "1994.??.??"]
[Round "?"]
[White "Foord, Allan"]
[Black "Hartwig, Thomas"]
[Result "1/2-1/2"]
[WhiteElo "1665"]
[BlackElo "1605"]
[PlyCount "66"]
[EventDate "1994.??.??"]

{3/(16)} 1. e4 c5 2. Nf3 d6 3. d4 cxd4 4. Nxd4 Nf6 5. Nc3 g6 6. Be3 Bg7 7. Qd2
Ng4 8. Bg5 h6 9. Bh4 Nc6 10. Bb5 Qb6 11. Bxc6+ bxc6 12. Nb3 Ba6 13. f3 Ne5 14.
Bf2 Qc7 15. O-O-O Nc4 16. Qf4 Bf6 17. Kb1 Na3+ 18. bxa3 Bxc3 19. Bd4 Bxd4 20.
Rxd4 e5 21. Qf6 O-O 22. Rxd6 Bb5 23. Rhd1 Rae8 24. Rd7 Qb6 25. Re7 a5 26. Ka1
a4 27. Nc1 Qc5 28. Rdd7 Qxc2 29. Qxg6+ Kh8 30. Qxh6+ Kg8 31. Qg5+ Kh8 32. Rxf7
Qc3+ 33. Kb1 Rxf7 1/2-1/2

[Event "Trenton (Oct)"]
[Site "?"]
[Date "1994.??.??"]
[Round "?"]
[White "Foord, Allan"]
[Black "Gabbara, Faris"]
[Result "0-1"]
[WhiteElo "1620"]
[BlackElo "2195"]
[PlyCount "52"]
[EventDate "1994.??.??"]

1. e4 a6 2. c4 c5 3. Nc3 e6 4. Nf3 Nc6 5. d4 cxd4 6. Nxd4 Bc5 7. Be3 Qb6 8. Na4
Bb4+ 9. Ke2 Qc7 10. f4 Nf6 11. a3 Be7 12. Qc2 Nxd4+ 13. Bxd4 Qxf4 14. Nb6 Rb8
15. Bxf6 gxf6 16. g3 Qg4+ 17. Ke1 Qf3 18. Nxc8 Qxh1 19. Nxe7 Kxe7 20. Rd1 Qf3
21. Bg2 Qe3+ 22. Kf1 Rhd8 23. c5 Rbc8 24. b4 b6 25. Rd6 bxc5 26. Rxa6 cxb4 0-1

[Event "Detroit (Class B/3/7)"]
[Site "?"]
[Date "1994.??.??"]
[Round "?"]
[White "Foord, Allan"]
[Black "Drysdale, Gilbert"]
[Result "0-1"]
[WhiteElo "1680"]
[BlackElo "1765"]
[PlyCount "32"]
[EventDate "1994.??.??"]

{3/(7)} 1. e4 d5 2. exd5 Nf6 3. c4 e6 4. dxe6 Bxe6 5. d3 Bb4+ 6. Nc3 Qe7 7. Be2
Nc6 8. Nf3 O-O-O 9. Qc2 Rhe8 10. Bd2 Bf5 11. Kf1 Qd7 12. Bg5 Bxc3 13. bxc3 Rxe2
14. Qa4 Qxd3 15. Kg1 Qxc3 16. Rb1 Bxb1 0-1

[Event "Fowlerville (Jun)"]
[Site "?"]
[Date "1994.??.??"]
[Round "?"]
[White "Foord, Allan"]
[Black "Charette, K."]
[Result "1-0"]
[WhiteElo "1615"]
[BlackElo "1605"]
[PlyCount "63"]
[EventDate "1994.??.??"]

1. e4 e5 2. Nf3 Nf6 3. Nxe5 d6 4. Nf3 Nxe4 5. d4 d5 6. Bd3 Nf6 7. O-O Be7 8.
Re1 O-O 9. Bg5 h6 10. Bh4 Re8 11. Nbd2 Nc6 12. c3 Nh5 13. Bxe7 Rxe7 14. Ne5
Nxe5 15. dxe5 Nf4 16. Bb1 d4 17. cxd4 Qxd4 18. Qc2 g6 19. Re4 Qd5 20. Rxf4 Rxe5
21. Nf3 Bf5 22. Qc1 Rd8 23. Bxf5 Rxf5 24. Rd4 Qe6 25. Rxd8+ Kg7 26. Nd4 Qe7 27.
Nxf5+ gxf5 28. Qc3+ f6 29. Rad1 Qe6 30. Qg3+ Kf7 31. Qg8+ Ke7 32. Re8# 1-0

[Event "Detroit (MOR/4/5)"]
[Site "?"]
[Date "1994.??.??"]
[Round "?"]
[White "Foord, Allan"]
[Black "Brooks, Brion"]
[Result "1-0"]
[WhiteElo "1650"]
[BlackElo "1700"]
[PlyCount "115"]
[EventDate "1994.??.??"]

{4/(5)} 1. e4 e6 2. d4 d5 3. Nc3 Bb4 4. e5 Qd7 5. a3 Bxc3+ 6. bxc3 b6 7. Qg4 f5
8. Qg5 Ba6 9. Bxa6 Nxa6 10. a4 Ne7 11. Ba3 c5 12. Nf3 O-O 13. h4 h6 14. Qf4
Qxa4 15. Kd2 Qc4 16. h5 Rac8 17. Rh3 Nb4 18. Rg3 Kh7 19. Nh4 cxd4 20. Bxb4
dxc3+ 21. Ke3 Qxf4+ 22. Kxf4 Rc4+ 23. Kf3 Rxb4 24. Rxa7 Re8 25. Ng6 Nc6 26. Rc7
Nd4+ 27. Ke3 f4+ 28. Nxf4 Nf5+ 29. Kd3 Rxf4 30. Rg6 Ne7 31. Rxe6 Rf7 32. Kxc3
Rxf2 33. Rexe7 Rxe7 34. Rxe7 Rxg2 35. Rd7 Rg5 36. Rxd5 Rxh5 37. Kc4 Kg8 38.
Rd8+ Kf7 39. Kd5 g5 40. Kd6 g4 41. e6+ Kf6 42. e7 Rd5+ 43. Kc6 Re5 44. e8=Q
Rxe8 45. Rxe8 h5 46. Kd5 h4 47. Ke4 h3 48. Kf4 h2 49. Rh8 Ke6 50. Rxh2 Kd5 51.
Kxg4 Kd4 52. Kf4 b5 53. Rh5 b4 54. Rb5 Kc4 55. Rb8 Kc3 56. Ke3 Kc4 57. Kd2 Kc5
58. c3 1-0

[Event "Detroit (MOR/3/60)"]
[Site "?"]
[Date "1994.??.??"]
[Round "?"]
[White "Fleshman, Justin"]
[Black "Williams, C."]
[Result "1-0"]
[WhiteElo "1605"]
[BlackElo "1605"]
[PlyCount "93"]
[EventDate "1994.??.??"]

{3/(60)} 1. d4 f5 2. e3 Nf6 3. Bd3 g6 4. Nd2 Bg7 5. c3 d6 6. f4 O-O 7. Ngf3
Nbd7 8. O-O c5 9. Qe1 cxd4 10. cxd4 Ne4 11. Nxe4 fxe4 12. Bxe4 Nf6 13. Bd3 b6
14. Nh4 e6 15. e4 Bb7 16. f5 Nd7 17. fxe6 Bxd4+ 18. Kh1 Rxf1+ 19. Qxf1 Ne5 20.
g3 Qe7 21. Bf4 Qxe6 22. Nf3 Nxd3 23. Qxd3 Bxb2 24. Re1 Rd8 25. Ng5 Qe7 26. Qb3+
d5 27. Qxb2 dxe4 28. Qb3+ Bd5 29. Rxe4 Bxb3 30. Rxe7 Rd1+ 31. Kg2 Bd5+ 32. Kf2
Rh1 33. Be5 Rxh2+ 34. Ke3 Kf8 35. Bf6 Rxa2 36. Nxh7+ Kg8 37. Kf4 Bf7 38. Ng5
Rf2+ 39. Ke5 Re2+ 40. Ne4 a6 41. Ra7 Ra2 42. Nd6 Re2+ 43. Ne4 Ra2 44. Ng5 Re2+
45. Kd4 Bb3 46. Ra8+ Re8 47. Rxe8# 1-0

[Event "Eastpointe (US Am N/1b/22)"]
[Site "?"]
[Date "1994.??.??"]
[Round "?"]
[White "Fleshman, Justin"]
[Black "Velasquez, A."]
[Result "0-1"]
[WhiteElo "1605"]
[BlackElo "1645"]
[PlyCount "74"]
[EventDate "1994.??.??"]

1. d4 Nf6 2. e3 g6 3. Bd3 Bg7 4. Nd2 O-O 5. f4 d6 6. Ngf3 c5 7. c3 Nc6 8. O-O
Bd7 9. Ne4 Rc8 10. Bc4 Nxe4 11. Qe1 Na5 12. Bd5 Nf6 13. c4 Nxd5 14. cxd5 Bb5
15. Rf2 Bc4 16. Bd2 b6 17. a3 Nb3 18. Rb1 Bxd5 19. Bc3 Be4 20. Rd1 a6 21. Nd2
Nxd2 22. Qxd2 Qc7 23. Qc1 cxd4 24. exd4 d5 25. g3 Qc4 26. Rff1 Rc7 27. g4 Qe2
28. Rf2 Qxg4+ 29. Kf1 Rfc8 30. Rdd2 Bf6 31. Qd1 Qh3+ 32. Kg1 Bh4 33. Rde2 Bxf2+
34. Rxf2 Rxc3 35. bxc3 Rxc3 36. Rf3 Bxf3 37. Qxf3 Rxf3 0-1

[Event "Detroit (WCO/5/17)"]
[Site "?"]
[Date "1994.??.??"]
[Round "?"]
[White "Fleshman, Justin"]
[Black "Taylor, J."]
[Result "0-1"]
[WhiteElo "1605"]
[BlackElo "1605"]
[PlyCount "102"]
[EventDate "1994.??.??"]

{5/(17)} 1. d4 d5 2. e3 Nf6 3. Bd3 Nc6 4. f4 g6 5. Nd2 Bf5 6. Bxf5 gxf5 7. Ngf3
Bh6 8. O-O Qd6 9. Ne5 Ne4 10. Nxe4 fxe4 11. Qh5 Nxe5 12. fxe5 Qe6 13. Bd2 Rg8
14. Rf2 Rg7 15. h3 O-O-O 16. a3 Rf8 17. Bb4 Bxe3 18. Raf1 Bxf2+ 19. Rxf2 Qg6
20. Qxg6 Rxg6 21. Bxe7 Rfg8 22. g4 R8g7 23. Bf8 Rg8 24. Rxf7 h6 25. Kf2 h5 26.
gxh5 Rg2+ 27. Ke1 Rh2 28. Kf1 Rxh3 29. e6 Kd8 30. h6 Rf3+ 31. Ke2 Rxf7 32. exf7
Rxf8 33. h7 Ke7 34. b3 Kxf7 35. c4 dxc4 36. bxc4 Kg7 37. Ke3 Re8 38. h8=Q+ Kxh8
39. c5 Kg7 40. a4 Kf6 41. d5 Ke5 42. d6 cxd6 43. cxd6 Kxd6 44. a5 a6 45. Ke2 e3
46. Kf1 e2+ 47. Ke1 Kd5 48. Kd2 e1=Q+ 49. Kc2 Re3 50. Kb2 Qd2+ 51. Ka1 Re1# 0-1

[Event "Detroit (MOR/7/55)"]
[Site "?"]
[Date "1994.??.??"]
[Round "?"]
[White "Fleshman, Justin"]
[Black "Paul, Dennis"]
[Result "1-0"]
[WhiteElo "1605"]
[BlackElo "1605"]
[PlyCount "29"]
[EventDate "1994.??.??"]

{7/(55)} 1. d4 e6 2. e3 d5 3. Bd3 Nf6 4. Nd2 Bb4 5. c3 Bd6 6. f4 O-O 7. Ngf3
Ng4 8. O-O Nxe3 9. Qe2 Nxf1 10. Nxf1 b6 11. Ng5 Ba6 12. Bxh7+ Kh8 13. Qh5 Qf6
14. Bg6+ Kg8 15. Qh7# 1-0

[Event "Detroit (WCO/2/8)"]
[Site "?"]
[Date "1994.??.??"]
[Round "?"]
[White "Fleshman, Justin"]
[Black "Paldan, G."]
[Result "0-1"]
[WhiteElo "1605"]
[BlackElo "1810"]
[PlyCount "128"]
[EventDate "1994.??.??"]

{2/(8)} 1. d4 d5 2. e3 Nf6 3. c3 c5 4. Bd3 Nc6 5. Nd2 e6 6. f4 Bd6 7. Ngf3 cxd4
8. cxd4 O-O 9. O-O Bd7 10. Ne5 Rc8 11. Rf3 Bxe5 12. fxe5 Ne8 13. Rh3 f5 14. Qh5
h6 15. Nb3 Qe7 16. Nc5 b6 17. Nxd7 Qxd7 18. g4 Qf7 19. Qxf7+ Rxf7 20. gxf5 exf5
21. Rf3 g6 22. Bd2 Nc7 23. a3 Ne6 24. Bc3 Na5 25. Bxa5 bxa5 26. b4 Rc3 27. Bb5
Rb7 28. a4 axb4 29. Rb1 Kf7 30. Rxb4 Ke7 31. Kf2 a6 32. Ke2 axb5 33. Rxb5 Rxb5
34. axb5 Rb3 35. Rh3 h5 36. Rg3 Kf7 37. h4 Rxb5 38. Kf3 Rb3 39. Rg2 Nxd4+ 40.
Kf2 Rb2+ 41. Kg3 Rxg2+ 42. Kxg2 Nc6 43. e6+ Kxe6 44. Kg3 Ke5 45. Kf3 Na5 46.
Kg3 Ke4 47. Kf2 Nc4 48. Ke2 Nxe3 49. Kf2 d4 50. Ke2 d3+ 51. Ke1 Kd4 52. Kd2 f4
53. Ke1 Kc3 54. Kf2 d2 55. Kf3 d1=Q+ 56. Kxf4 Qd4+ 57. Kg5 Qe5+ 58. Kxg6 Qf5+
59. Kg7 Nd5 60. Kh6 Ne7 61. Kg7 Kd3 62. Kh8 Qf8+ 63. Kh7 Qg8+ 64. Kh6 Qg6# 0-1

[Event "Eastpointe (US Am N/3/42)"]
[Site "?"]
[Date "1994.??.??"]
[Round "?"]
[White "Fleshman, Justin"]
[Black "Mahabir, Jagdesh"]
[Result "0-1"]
[WhiteElo "1605"]
[BlackElo "1605"]
[PlyCount "79"]
[EventDate "1994.??.??"]

{3/(42)} 1. d4 d6 2. e3 Nf6 3. Bd3 g6 4. Nd2 Bg7 5. f4 O-O 6. Ngf3 Bg4 7. O-O
Nc6 8. c3 Bxf3 9. Nxf3 e6 10. Qe1 Nd7 11. b3 f5 12. Ba3 Re8 13. e4 Ne7 14. e5
Nb6 15. Ng5 Nc6 16. Qe2 Bh6 17. h4 dxe5 18. dxe5 Bxg5 19. hxg5 Nd5 20. Rac1 a6
21. c4 Ndb4 22. Rcd1 Nd4 23. Qd2 Nbc6 24. Bc5 b6 25. Bxd4 Qxd4+ 26. Qf2 Rad8
27. Qxd4 Rxd4 28. Bb1 Red8 29. Bc2 Nb4 30. Rxd4 Rxd4 31. Bb1 Rd2 32. Rf2 Rd1+
33. Rf1 Rd7 34. a3 Nd3 35. Rd1 Nc5 36. Rxd7 Nxd7 37. b4 c5 38. Bc2 cxb4 39.
axb4 a5 40. Ba4 {[Remainder illegible; 0-1, 65?]} 0-1

[Event "Detroit (MOR/4/60)"]
[Site "?"]
[Date "1994.??.??"]
[Round "?"]
[White "Fleshman, Justin"]
[Black "Mahabir, Jagdesh"]
[Result "0-1"]
[WhiteElo "1605"]
[BlackElo "1605"]
[PlyCount "84"]
[EventDate "1994.??.??"]

{4/(60)} 1. d4 d6 2. e3 Nf6 3. Bd3 g6 4. c3 Bg7 5. Nd2 O-O 6. f4 Nc6 7. Ngf3
Ng4 8. Ne4 f5 9. Ng3 e5 10. O-O e4 11. Bc4+ d5 12. Bb3 exf3 13. Qxf3 Be6 14. h3
Nf6 15. Qe2 Ne4 16. Nxe4 fxe4 17. Bc2 Qh4 18. Rf2 Qg3 19. Kf1 Bf6 20. Ke1 Bh4
21. Bd2 Qxg2 22. b3 Bxh3 23. Kd1 Qxf2 24. Qxf2 Bxf2 25. c4 Bg4+ 26. Kc1 Ne7 27.
cxd5 Nxd5 28. Bxe4 c6 29. Bxd5+ cxd5 30. Kc2 Rac8+ 31. Kb2 Bf5 32. Rd1 Rc2+ 33.
Ka1 h5 34. a4 h4 35. a5 h3 36. Bb4 h2 37. Rh1 Bxe3 38. Bd6 Rc1+ 39. Rxc1 Bxc1
40. Bxf8 Kxf8 41. b4 h1=Q 42. Ka2 Qe4 0-1

[Event "Detroit (MOR/1b/20)"]
[Site "?"]
[Date "1994.??.??"]
[Round "?"]
[White "Fleshman, Justin"]
[Black "Kane, Paul"]
[Result "0-1"]
[WhiteElo "1605"]
[BlackElo "1605"]
[PlyCount "109"]
[EventDate "1994.??.??"]

1. d4 d5 2. e3 Bf5 3. c3 Nf6 4. Nf3 Nbd7 5. Nh4 Bg4 6. f3 Bh5 7. Bd3 e6 8. Nd2
g5 9. g4 Bg6 10. Nxg6 hxg6 11. e4 dxe4 12. fxe4 Qe7 13. Nf3 Nxg4 14. Bxg5 f6
15. Bf4 e5 16. Bg3 O-O-O 17. Nh4 Rxh4 18. Bxh4 Nh6 19. Qf3 exd4 20. cxd4 Nf5
21. Bf2 Qb4+ 22. Kd1 Bh6 23. Qe2 Nxd4 24. Bxd4 Qxd4 25. Ke1 Nc5 26. Bc2 Re8 27.
Rb1 Nxe4 28. Rd1 Qb4+ 29. Kf1 Nd2+ 30. Rxd2 Rxe2 31. Rxe2 Qf4+ 32. Ke1 Qc1+ 33.
Bd1 f5 34. Rg1 g5 35. h3 f4 36. Rf1 Bg7 37. b3 Bd4 38. Rd2 Be3 39. Rc2 Qa3 40.
Ke2 Qa6+ 41. Kf3 Qxf1+ 42. Ke4 Qxd1 43. Rg2 f3 44. Rg3 f2 45. Rf3 f1=Q 46. Rxf1
Qxf1 47. Kxe3 Qxh3+ 48. Ke4 g4 49. b4 g3 50. a4 Kd7 51. b5 g2 52. a5 g1=Q 53.
b6 Qgg4+ 54. Ke5 Qhh5+ 55. Kf6 0-1

[Event "Novi (Oct)"]
[Site "?"]
[Date "1994.??.??"]
[Round "?"]
[White "Fleming, William"]
[Black "Walters, G."]
[Result "0-1"]
[WhiteElo "1965"]
[BlackElo "1690"]
[PlyCount "38"]
[EventDate "1994.??.??"]

1. Nf3 Nf6 2. g3 c5 3. Bg2 d5 4. O-O Nc6 5. d3 g6 6. c4 Bg7 7. Nc3 d4 8. Na4
Qd6 9. Rb1 O-O 10. a3 Nh5 11. Bd2 Rb8 12. b4 b6 13. h3 Bd7 14. b5 Ne5 15. Nh2
f5 16. Nb2 a6 17. a4 f4 18. gxf4 Nxf4 19. Qc1 Nxe2+ 0-1

[Event "Detroit (Class A/4/1)"]
[Site "?"]
[Date "1994.??.??"]
[Round "?"]
[White "Fleming, William"]
[Black "Skidmore, Jennifer"]
[Result "1-0"]
[WhiteElo "1875"]
[BlackElo "1905"]
[PlyCount "65"]
[EventDate "1994.??.??"]

{4/(1)} 1. Nc3 e5 2. Nf3 Nc6 3. e4 d6 4. Bc4 Bg4 5. d3 Nd4 6. Be3 Nxf3+ 7. gxf3
Bh5 8. d4 Qf6 9. dxe5 Qxf3 10. Qxf3 Bxf3 11. Rg1 dxe5 12. Rg3 Bh5 13. Rg5 Bg6
14. Rxe5+ Ne7 15. Nd5 Rc8 16. Nxe7 Bxe7 17. Bc5 O-O 18. Rxe7 a6 19. O-O-O b6
20. Be3 b5 21. Be2 c5 22. Rdd7 c4 23. f4 h6 24. f5 Bh7 25. Bh5 b4 26. Bxf7+ Kh8
27. Be6 Rfd8 28. Bd4 Bg8 29. Bxg7+ Kh7 30. Bf6+ Bf7 31. Rxf7+ Kg8 32. Rfe7+ Kf8
33. Bg7# 1-0

[Event "Novi (Oct)"]
[Site "?"]
[Date "1994.??.??"]
[Round "?"]
[White "Fleming, William"]
[Black "Raffa, F."]
[Result "1/2-1/2"]
[WhiteElo "1965"]
[BlackElo "1660"]
[PlyCount "67"]
[EventDate "1994.??.??"]

1. Nf3 d5 2. g3 Nf6 3. Bg2 e6 4. O-O Bd6 5. d4 Nc6 6. c4 dxc4 7. Qa4 Bd7 8.
Qxc4 O-O 9. Nc3 a6 10. Bg5 Be7 11. Ne5 b5 12. Qd3 Nb4 13. Qd2 Nbd5 14. Bxf6
Bxf6 15. Nxd5 exd5 16. Bxd5 Rc8 17. Bg2 Bxe5 18. dxe5 Qe7 19. Rfd1 Rcd8 20. Qe3
Rfe8 21. Rac1 Be6 22. a3 Rxd1+ 23. Rxd1 Bc4 24. b3 Be6 25. b4 Bc4 26. f4 f6 27.
Qc5 fxe5 28. Qxe7 Rxe7 29. fxe5 Rxe5 30. Rd7 Rxe2 31. Rxc7 Ra2 32. Rc8+ Kf7 33.
Rc7+ Kf8 34. Rc8+ 1/2-1/2

[Event "Ann Arbor (MLS Oct-Nov)"]
[Site "?"]
[Date "1994.??.??"]
[Round "?"]
[White "Fleming, William"]
[Black "McCarter, Robert"]
[Result "1-0"]
[WhiteElo "1960"]
[BlackElo "1725"]
[PlyCount "51"]
[EventDate "1994.??.??"]

1. Nf3 Nf6 2. g3 d5 3. Bg2 c5 4. O-O Nc6 5. d3 Bg4 6. Nbd2 Qd7 7. c4 d4 8. b4
cxb4 9. a3 Bh3 10. axb4 Bxg2 11. Kxg2 Nxb4 12. Ne5 Qc7 13. Qa4+ Nc6 14. Ndf3
Nd7 15. Nxc6 Qxc6 16. Qxc6 bxc6 17. Nxd4 c5 18. Nb5 Kd8 19. Rxa7 Rxa7 20. Nxa7
e5 21. Bb2 Kc7 22. Nb5+ Kb6 23. Bc3 Be7 24. Ra1 f6 25. Ra7 Kc6 26. Rc7+ 1-0

[Event "Detroit (Class A/1/6)"]
[Site "?"]
[Date "1994.??.??"]
[Round "?"]
[White "Fleming, William"]
[Black "Marshall, Larry"]
[Result "1-0"]
[WhiteElo "1875"]
[BlackElo "1940"]
[PlyCount "101"]
[EventDate "1994.??.??"]

{1/(6)} 1. Nf3 d5 2. g3 Nf6 3. Bg2 c5 4. O-O Nc6 5. d3 e5 6. e4 dxe4 7. dxe4
Qxd1 8. Rxd1 Nxe4 9. Nxe5 Nxe5 10. Bxe4 Be7 11. Nc3 Bg4 12. Re1 Nf3+ 13. Bxf3
Bxf3 14. Nb5 Kd7 15. Bf4 g5 16. Bd2 a6 17. Nc3 f5 18. Re3 g4 19. Rae1 Rhe8 20.
Na4 Rad8 21. Nb6+ Kc6 22. Nc4 Be4 23. Bc3 Bg5 24. R3e2 Rd5 25. Bd2 Bf6 26. Ne3
Rde5 27. Bc3 R5e6 28. Bxf6 Rxf6 29. Nxg4 Rfe6 30. f3 Bd5 31. Rxe6+ Rxe6 32.
Ne5+ Kd6 33. f4 Be4 34. c3 b5 35. Rd1+ Bd5 36. Nf7+ Ke7 37. Rxd5 Kxf7 38. Rxf5+
Kg6 39. Rg5+ Kf6 40. Kf2 c4 41. Rh5 Kg6 42. Re5 Rb6 43. Kf3 a5 44. g4 a4 45. a3
h6 46. h4 Kf6 47. Ke4 Kg6 48. f5+ Kf6 49. Re6+ Rxe6+ 50. fxe6 Kxe6 51. g5 1-0

[Event "Ann Arbor (HVA/1/2)"]
[Site "?"]
[Date "1994.??.??"]
[Round "?"]
[White "Fleming, William"]
[Black "Ashton, Jeff"]
[Result "1/2-1/2"]
[WhiteElo "1965"]
[BlackElo "1605"]
[PlyCount "100"]
[EventDate "1994.??.??"]

{1/(2)} 1. e4 c5 2. Nf3 Nc6 3. d4 cxd4 4. Nxd4 g6 5. c4 Nf6 6. Nc3 Nxd4 7. Qxd4
Bg7 8. Be2 O-O 9. Bg5 Qa5 10. Qd2 d6 11. O-O Be6 12. Rfd1 Qc7 13. b3 a6 14.
Rac1 Rac8 15. f3 Rfe8 16. Be3 Qa5 17. Nd5 Qxd2 18. Rxd2 Nd7 19. Rdc2 Nc5 20.
Nb6 Rc6 21. Nd5 Kf8 22. Rd1 f5 23. Nb4 Rcc8 24. Nd3 fxe4 25. Nxc5 dxc5 26. fxe4
a5 27. Bf3 Be5 28. g3 b6 29. Rcd2 Rc6 30. Kg2 a4 31. h3 axb3 32. axb3 Rd6 33.
Rxd6 Bxd6 34. Ra1 Bc8 35. Ra8 Bxh3+ 36. Kxh3 Rxa8 37. e5 Rd8 38. exd6 Rxd6 39.
Bd5 e5 40. Bh6+ Ke7 41. Kg4 b5 42. Be3 Rxd5 43. cxd5 Kd6 44. Kf3 Kxd5 45. Bf2
h5 46. Ke3 c4 47. b4 g5 48. Be1 e4 49. Kd2 Ke5 50. Kc3 Kd5 1/2-1/2

[Event "Detroit (MEX/1/8)"]
[Site "?"]
[Date "1994.??.??"]
[Round "?"]
[White "Fiszner, M."]
[Black "Kebrdle, M."]
[Result "0-1"]
[WhiteElo "2160"]
[BlackElo "2045"]
[PlyCount "192"]
[EventDate "1994.??.??"]

{1/(8)} 1. e4 c6 2. d4 d5 3. e5 Bf5 4. Bd3 Bxd3 5. Qxd3 e6 6. Ne2 Qa5+ 7. c3
Qa6 8. Qd1 c5 9. Be3 cxd4 10. cxd4 Bb4+ 11. Nd2 Nc6 12. a3 Bxd2+ 13. Bxd2 Nge7
14. O-O Qd3 15. Bc3 Qxd1 16. Raxd1 Rc8 17. Rd3 b5 18. Nc1 a5 19. Nb3 b4 20. Bd2
a4 21. Nc5 bxa3 22. Nxa4 axb2 23. Nxb2 O-O 24. g4 Ra8 25. f4 Rfb8 26. Nd1 Ra4
27. Bc3 h5 28. h3 hxg4 29. hxg4 g6 30. Rf2 Rb1 31. Kg2 Rb3 32. Rfd2 Raa3 33.
Rb2 Rxb2+ 34. Nxb2 Rb3 35. Kf3 Kg7 36. Ke3 Nb4 37. Bxb4 Rxb4 38. Nd1 Nc6 39.
Nc3 Na5 40. f5 gxf5 41. gxf5 Nc4+ 42. Kf4 Na5 43. Kg5 Nc6 44. f6+ Kh7 45. Ne2
Rc4 46. Rh3+ Kg8 47. Rh4 Ra4 48. Rg4 Kf8 49. Kh5 Rc4 50. Rf4 Rc2 51. Ng1 Rh2+
52. Rh4 Rxh4+ 53. Kxh4 Nxd4 54. Kg4 Kg8 55. Kf4 Kh7 56. Ke3 Nc6 57. Nf3 Kg6 58.
Kf4 Kh5 59. Nd2 Nb4 60. Nf3 Nd3+ 61. Kg3 Kg6 62. Kg4 d4 63. Nh4+ Kh7 64. Nf3
Kh6 65. Kh4 Nf4 66. Kg3 Ng6 67. Kf2 Kh5 68. Ke2 Kg4 69. Nxd4 Nxe5 70. Ke3 Kg5
71. Ke4 Kxf6 72. Nb5 Nc6 73. Nd6 Kg6 74. Kf4 f6 75. Nc4 e5+ 76. Ke4 Kg5 77. Ne3
Kg6 78. Nc4 Kf7 79. Kd5 Ne7+ 80. Kd6 Ng6 81. Kd5 Ke7 82. Ne3 Nf4+ 83. Ke4 Ke6
84. Nf5 Nh5 85. Ne3 Ng7 86. Kf3 f5 87. Nc4 Kd5 88. Ne3+ Kd4 89. Nc2+ Kc3 90.
Ne3 Kd3 91. Nd1 Ne6 92. Nf2+ Kd4 93. Nh3 e4+ 94. Ke2 f4 95. Ng1 Ng5 96. Kd1 Ke3
0-1

[Event "Detroit (MEX/3/4)"]
[Site "?"]
[Date "1994.??.??"]
[Round "?"]
[White "Fiszner, M."]
[Black "Jirjis, Faris"]
[Result "0-1"]
[WhiteElo "2160"]
[BlackElo "2155"]
[PlyCount "38"]
[EventDate "1994.??.??"]

{3/(4)} 1. e4 e5 2. Nf3 Nf6 3. Nxe5 d6 4. Nf3 Nxe4 5. d4 d5 6. Bd3 Bd6 7. Nc3
Nxc3 8. bxc3 O-O 9. Bxh7+ Kxh7 10. Ng5+ Kg6 11. h4 Re8+ 12. Kf1 f5 13. h5+ Kf6
14. h6 Ke7 15. Qe2+ Kd7 16. Qxe8+ Qxe8 17. h7 b6 18. Bd2 Ba6+ 19. Kg1 Nc6 0-1

[Event "Detroit (MI Op/2/6)"]
[Site "?"]
[Date "1994.??.??"]
[Round "?"]
[White "Fischvogt, Eric"]
[Black "Vandivier, Don"]
[Result "1-0"]
[WhiteElo "2245"]
[BlackElo "1985"]
[PlyCount "29"]
[EventDate "1994.??.??"]

{2/(6)} 1. c4 c5 2. Nf3 g6 3. g3 Bg7 4. d4 cxd4 5. Nxd4 Nc6 6. Nxc6 bxc6 7. Bg2
Qa5+ 8. Nd2 Rb8 9. O-O Qc5 10. Rb1 Nf6 11. b3 O-O 12. Bb2 Qh5 13. e3 Qxd1 14.
Rfxd1 c5 15. Bxf6 1-0

[Event "Detroit (MI Op/6/10)"]
[Site "?"]
[Date "1994.??.??"]
[Round "?"]
[White "Fischvogt, Eric"]
[Black "Thomas, Henry"]
[Result "1-0"]
[WhiteElo "2245"]
[BlackElo "1840"]
[PlyCount "45"]
[EventDate "1994.??.??"]

{6/(10)} 1. c4 f5 2. Nf3 Nf6 3. Nc3 e6 4. g3 Be7 5. Bg2 O-O 6. O-O a5 7. d3 Na6
8. e4 fxe4 9. dxe4 Bb4 10. e5 Bxc3 11. bxc3 Ne4 12. Qc2 d5 13. exd6 Nxd6 14.
Ng5 g6 15. h4 Qf6 16. h5 Qf5 17. Qe2 gxh5 18. Qxh5 Qg6 19. Qe2 Rf5 20. Nf3 Qf6
21. Bf4 Nc5 22. Qe3 Nde4 23. Nh2 1-0

[Event "Detroit (MI Op/4/2)"]
[Site "?"]
[Date "1994.??.??"]
[Round "?"]
[White "Fischvogt, Eric"]
[Black "Gardner, J."]
[Result "0-1"]
[WhiteElo "2245"]
[BlackElo "2295"]
[PlyCount "67"]
[EventDate "1994.??.??"]

{4/(2)} 1. c4 e5 2. Nc3 Nc6 3. Nf3 g6 4. g3 Bg7 5. Bg2 Nge7 6. d3 O-O 7. O-O d6
8. Rb1 a5 9. a3 Bd7 10. b4 axb4 11. axb4 Qc8 12. b5 Nd4 13. e3 Ne6 14. Bb2 f5
15. Ra1 Rb8 16. Qc2 g5 17. Nd5 Ng6 18. d4 e4 19. Nd2 g4 20. Rfb1 Ng5 21. Nf4
Nf3+ 22. Bxf3 gxf3 23. Kf1 Nxf4 24. exf4 Qe8 25. Ra3 d5 26. Ke1 Rf6 27. Nf1 Bf8
28. Rb3 Rh6 29. h4 c6 30. bxc6 Bxc6 31. Ne3 Ba4 32. Qc3 Bxb3 33. Qxb3 Qd7 34.
Nxd5 $138 0-1

[Event "Flint (MI Senior/4/1)"]
[Site "?"]
[Date "1994.??.??"]
[Round "?"]
[White "Finegold, Ron"]
[Black "Poschel, Paul"]
[Result "1/2-1/2"]
[WhiteElo "2210"]
[BlackElo "2285"]
[PlyCount "34"]
[EventDate "1994.??.??"]

{4/(1)} 1. e4 c5 2. Nc3 e6 3. Nf3 Nc6 4. d4 cxd4 5. Nxd4 Nf6 6. Ndb5 Bb4 7. a3
Bxc3+ 8. Nxc3 d5 9. exd5 Nxd5 10. Bd2 O-O 11. Qh5 Nf6 12. Qh4 Qd4 13. Bg5 Qxh4
14. Bxh4 e5 15. Bxf6 gxf6 16. O-O-O Be6 17. Ne4 f5 1/2-1/2